| 000 | 00777nam a2200253 a 4500 | ||
|---|---|---|---|
| 001 | 000048920 | ||
| 003 | DO-SdBNP | ||
| 005 | 20230113082739.0 | ||
| 007 | ta | ||
| 008 | 190502s2017 dr ac 000 0 spa d | ||
| 020 | _a9789945167870 | ||
| 040 |
_aDO-SdBNP _bspa _cBNPHU |
||
| 082 |
_axxxx _bA318e _222 |
||
| 100 | 1 |
_aAlam, Elvis A. _976357 |
|
| 245 | 1 | 0 |
_aEntre dos amores : _brelatos de un viajero al Líbano / _cElvis A. Alam. |
| 260 |
_aSanto Domingo : _bBúho, _c2017. |
||
| 300 |
_a324 p. : _bil., ; _c23 cm. |
||
| 500 | _aIncluye datos biográficos del autor en las solapas | ||
| 504 | _aBibliografía : p. 323-324 | ||
| 590 | _aLa biblioteca posee 1 ejemplares autografiados por el autor | ||
| 590 | _aInventariado, 2019/LP | ||
| 910 | _aDG | ||
| 942 |
_2ddc _cLBS1 |
||
| 999 |
_c48408 _d48408 |
||